[Event "zonal 3.2"]
[Site "Jakarta INA"]
[Date "1993.??.??"]
[Round "5"]
[White "Yang Xian"]
[Black "Tu Hoang Thong"]
[Result "1-0"]
[WhiteElo "2415"]
[BlackElo "2435"]
[EventDate "1993.01.??"]
[PlyCount "151"]

1.e4 Nf6 2.e5 Nd5 3.d4 d6 4.Nf3 dxe5 5.Nxe5 g6 6.Bc4 c6 7.Nc3 Bg7 8.O-O 
O-O 9.Qf3 e6 10.Bb3 b6 11.Re1 Bb7 12.Qh3 Nd7 13.Ne4 Qe7 14.c4 Nc7 15.Bf4 
Ne8 16.Rad1 Rd8 17.Ng5 Ndf6 18.c5 Rd5 19.Bxd5 cxd5 20.c6 Bc8 21.Qa3 Qxa3 
22.bxa3 Nh5 23.Nh3 Nxf4 24.Nxf4 Nc7 25.a4 Rd8 26.Nfd3 f6 27.Nf3 Kf7 28.Rc1
Bf8 29.a5 Ba6 30.axb6 axb6 31.Re3 Bc4 32.Rb1 b5 33.Nb4 Ra8 34.a3 Bd6 35.
Nd2 e5 36.Rh3 h5 37.Nc2 Be2 38.Re3 Bg4 39.Nf3 Bf5 40.Rb2 Be4 41.dxe5 Bxe5 
42.Nxe5+ fxe5 43.f3 Bxc2 44.Rxc2 Kf6 45.Rce2 Re8 46.Kf2 Re6 47.Rc2 Ke7 48.
a4 bxa4 49.Ra3 Kd6 50.Rxa4 Re8 51.Raa2 g5 52.Ra4 Rf8 53.h3 d4 54.Ra5 g4 
55.Re2 Re8 56.Re4 gxf3 57.gxf3 Nd5 58.c7 Nxc7 59.f4 Rf8 60.Raxe5 Rxf4+ 61.
Rxf4 Kxe5 62.Rh4 Ne6 63.Rxh5+ Ke4 64.Rh4+ Ke5 65.Rg4 Kf5 66.Rg8 Nc5 67.h4 
Nd3+ 68.Kg3 Ne5 69.h5 d3 70.Rd8 Nf7 71.Rxd3 Kg5 72.Rd5+ Kh6 73.Kg4 Kg7 74.
Kf5 Kh6 75.Kf6 Nh8 76.Rd7 1-0

[Event "zonal 3.2"]
[Site "Jakarta INA"]
[Date "1993.??.??"]
[Round "5"]
[White "Hsu Li Yang"]
[Black "Ker, Anthony"]
[Result "1/2-1/2"]
[WhiteElo "2370"]
[BlackElo "2320"]
[EventDate "1993.01.??"]
[PlyCount "83"]

1.d4 Nf6 2.c4 c5 3.Nf3 cxd4 4.Nxd4 e6 5.g3 Qb6 6.Bg2 Bb4+ 7.Nc3 Nc6 8.Nxc6
bxc6 9.O-O d5 10.Be3 Qa6 11.cxd5 cxd5 12.Qd4 Be7 13.a4 O-O 14.Nb5 Ne8 15.
Nxa7 Bd7 16.Nb5 Bxb5 17.axb5 Qxa1 18.Rxa1 Rxa1+ 19.Bf1 Nd6 20.b6 Nf5 21.
Qc3 Nxe3 22.fxe3 Ra6 23.b7 Bd6 24.e4 dxe4 25.e3 Rb6 26.Qd4 Bc7 27.Qxe4 Rb8
28.Bg2 R6xb7 29.Qxb7 Rxb7 30.Bxb7 Kf8 31.Kg2 Ke7 32.Kf3 Kd6 33.Be4 g6 34.
Bc2 Bd8 35.Ba4 Bf6 36.b3 Bc3 37.Ke4 Ba5 38.Kf4 f6 39.h4 Be1 40.Be8 Ke7 41.
Bb5 g5+ 42.hxg5 1/2-1/2

[Event "zonal 3.2"]
[Site "Jakarta INA"]
[Date "1993.??.??"]
[Round "5"]
[White "Mok Tze Meng"]
[Black "Reilly, Tim"]
[Result "1-0"]
[WhiteElo "2200"]
[BlackElo "2350"]
[EventDate "1993.01.??"]
[PlyCount "107"]

1.e4 d6 2.d4 Nf6 3.Nc3 g6 4.Nf3 Bg7 5.Be2 O-O 6.O-O Bg4 7.Be3 Nc6 8.Qd2 
Re8 9.Rad1 a6 10.h3 Bxf3 11.Bxf3 e5 12.dxe5 dxe5 13.Na4 Qe7 14.c3 b6 15.
Qc2 Nd8 16.Rd2 Ne6 17.b3 h5 18.Nb2 Kh7 19.Nd3 Nf8 20.Nb4 Bh6 21.Bxh6 Kxh6 
22.Be2 Ne6 23.Bc4 Nf4 24.Kh2 a5 25.Nd5 N6xd5 26.Bxd5 Rad8 27.Bc6 Rh8 28.
Rfd1 Kg7 29.b4 h4 30.Kg1 Rdf8 31.a3 Nh5 32.Rd7 Qg5 33.Qe2 Nf4 34.Qf3 Rd8 
35.Kh2 Qf6 36.Bb5 Rxd7 37.Rxd7 c5 38.bxc5 bxc5 39.Bc4 Rf8 40.Qg4 Kh6 41.
Ra7 Nh5 42.Kg1 Qb6 43.Ra6 Qc7 44.Qxh4 Kg7 45.Kh2 Rb8 46.g4 Nf4 47.Qf6+ Kh6
48.Bxf7 Rb2 49.g5+ Kh5 50.Bxg6+ Kh4 51.Qh8+ Kxg5 52.Qf6+ Kh6 53.Bf5+ Kh5 
54.Bg4# 1-0

[Event "zonal 3.2"]
[Site "Jakarta INA"]
[Date "1993.??.??"]
[Round "5"]
[White "Mohd Kamal, Abdullah"]
[Black "Juswanto, Denny"]
[Result "0-1"]
[WhiteElo "2230"]
[BlackElo "2280"]
[EventDate "1993.01.??"]
[PlyCount "38"]

1.e4 c5 2.Nf3 e6 3.d4 cxd4 4.Nxd4 a6 5.Bd3 Qc7 6.O-O Nf6 7.Nc3 Nc6 8.Nb3 
Be7 9.f4 d6 10.Qf3 O-O 11.a4 b6 12.Be3 Bb7 13.g4 Rfe8 14.g5 Nd7 15.Qh3 Nb4
16.f5 exf5 17.exf5 Nxd3 18.g6 Bh4 19.Qxh4 Qc6 0-1

[Event "zonal 3.2"]
[Site "Jakarta INA"]
[Date "1993.??.??"]
[Round "6"]
[White "Utut Adianto"]
[Black "Rogers, Ian"]
[Result "0-1"]
[WhiteElo "2490"]
[BlackElo "2575"]
[EventDate "1993.01.??"]
[PlyCount "96"]

1.c4 c5 2.Nc3 g6 3.Nf3 Bg7 4.g3 Nc6 5.Bg2 e5 6.a3 Nge7 7.O-O O-O 8.d3 d6 
9.Rb1 a5 10.Bd2 Rb8 11.Qc1 b6 12.Bh6 f6 13.Ne1 Be6 14.Bxg7 Kxg7 15.Nc2 d5 
16.cxd5 Nxd5 17.Ne3 Nde7 18.f4 exf4 19.gxf4 Nd4 20.Rf2 Qd7 21.Qd2 a4 22.
Rbf1 Nb3 23.Qe1 b5 24.f5 gxf5 25.Bh3 Nd4 26.Ng2 b4 27.Nd1 Kh8 28.e3 Ndc6 
29.Nf4 Rg8+ 30.Rg2 Rxg2+ 31.Bxg2 Ng6 32.Nxe6 Qxe6 33.Qf2 Nce5 34.d4 Nd3 
35.Qd2 c4 36.axb4 Nh4 37.Kh1 Rg8 38.Rg1 Qd7 39.Qe2 Rg5 40.Bf3 Rxg1+ 41.
Kxg1 Nxb4 42.Nc3 f4 43.Bg4 f5 44.Qxc4 Qe7 45.Be2 Qg5+ 46.Kf1 Qg2+ 47.Ke1 
Qg1+ 48.Bf1 Ng2+ 0-1

[Event "zonal 3.2"]
[Site "Jakarta INA"]
[Date "1993.??.??"]
[Round "6"]
[White "Reilly, Tim"]
[Black "Wohl, Aleksandar"]
[Result "1/2-1/2"]
[WhiteElo "2350"]
[BlackElo "2360"]
[EventDate "1993.01.??"]
[PlyCount "30"]

1.d4 Nf6 2.c4 c5 3.d5 Ne4 4.Qc2 Qa5+ 5.Nd2 Nd6 6.e4 g6 7.Bd3 Na6 8.a3 Bg7 
9.Ne2 b5 10.O-O O-O 11.cxb5 Nxb5 12.Nc4 Qc7 13.Bd2 Rb8 14.Rab1 d6 15.Rfc1 
Bd7 1/2-1/2

[Event "zonal 3.2"]
[Site "Jakarta INA"]
[Date "1993.??.??"]
[Round "6"]
[White "Ker, Anthony"]
[Black "Nishimura, Hiroyuki"]
[Result "1/2-1/2"]
[WhiteElo "2320"]
[BlackElo "2325"]
[EventDate "1993.01.??"]
[PlyCount "73"]

1.d4 e6 2.c4 f5 3.g3 Nf6 4.Bg2 Bb4+ 5.Nd2 a5 6.Nf3 O-O 7.O-O d5 8.a3 Bd6 
9.b3 c6 10.Bb2 Nbd7 11.e3 Ne4 12.Ne5 Bxe5 13.dxe5 Ndc5 14.Nxe4 fxe4 15.Bd4
b6 16.Bxc5 bxc5 17.Qc2 Qg5 18.cxd5 cxd5 19.Qxc5 Qxe5 20.Rfc1 Ba6 21.Qc3 
Qf5 22.Qd2 Rf7 23.Ra2 a4 24.b4 h5 25.Rb2 Rb8 26.Rc5 Bd3 27.Qc3 h4 28.gxh4 
Rf6 29.h3 Rg6 30.Kh2 Qh5 31.Rc8+ Rxc8 32.Qxc8+ Kh7 33.Qc7 Qxh4 34.Qe5 Bb5 
35.Rc2 Bd3 36.Rb2 Bb5 37.Rc2 1/2-1/2

[Event "zonal 3.2"]
[Site "Jakarta INA"]
[Date "1993.??.??"]
[Round "6"]
[White "Hsu Li Yang"]
[Black "Mok Tze Meng"]
[Result "1-0"]
[WhiteElo "2370"]
[BlackElo "2200"]
[EventDate "1993.01.??"]
[PlyCount "77"]

1.d4 c5 2.d5 Nf6 3.Nc3 g6 4.e4 d6 5.Bd3 Bg7 6.h3 O-O 7.Nf3 a6 8.a4 e6 9.
O-O exd5 10.exd5 Re8 11.Bf4 b6 12.Qd2 Bb7 13.Rae1 Qc7 14.Rxe8+ Nxe8 15.Re1
Nd7 16.Bc4 Ne5 17.Be2 Nxf3+ 18.Bxf3 Nf6 19.g4 Rd8 20.Re2 Kf8 21.Bg3 Re8 
22.Rxe8+ Nxe8 23.Ne4 Qe7 24.Bg2 Bc8 25.b4 Kg8 26.a5 cxb4 27.Qxb4 bxa5 28.
Qxa5 Kf8 29.Qb4 Be5 30.f4 Bg7 31.Bf2 Kg8 32.c4 f5 33.gxf5 Bxf5 34.Ng3 Bc8 
35.c5 dxc5 36.Bxc5 Qh4 37.Kh2 g5 38.Qb8 gxf4 39.Nf5 1-0

[Event "zonal 3.2"]
[Site "Jakarta INA"]
[Date "1993.??.??"]
[Round "6"]
[White "Norris, Damian"]
[Black "Mohd Kamal, Abdullah"]
[Result "0-1"]
[WhiteElo "2235"]
[BlackElo "2230"]
[EventDate "1993.01.??"]
[PlyCount "77"]

1.e4 c5 2.Nf3 d6 3.d4 cxd4 4.Nxd4 Nf6 5.Nc3 g6 6.Be2 Bg7 7.Be3 O-O 8.h4 
Nc6 9.h5 d5 10.hxg6 hxg6 11.Nxc6 bxc6 12.e5 Nd7 13.Qd2 Bxe5 14.f4 Bf6 15.
f5 e6 16.fxg6 Bh4+ 17.g3 Bxg3+ 18.Kd1 fxg6 19.Bd4 Kf7 20.Qh6 Be5 21.Qh7+ 
Ke8 22.Qxg6+ Ke7 23.Be3 Qe8 24.Qh7+ Kd6 25.Qh4 Rb8 26.Qa4 a6 27.Qa3+ c5 
28.Na4 d4 29.Bd2 Bb7 30.Rh7 Rh8 31.Rxd7+ Kxd7 32.Nxc5+ Kc8 33.Bxa6 Rh1+ 
34.Ke2 Qh5+ 35.Kd3 Rh3+ 36.Kc4 Rxa3 37.Bxb7+ Rxb7 38.bxa3 Qe2+ 39.Nd3 0-1

[Event "zonal 3.2"]
[Site "Jakarta INA"]
[Date "1993.??.??"]
[Round "7"]
[White "Rogers, Ian"]
[Black "Yang Xian"]
[Result "1/2-1/2"]
[WhiteElo "2575"]
[BlackElo "2415"]
[EventDate "1993.01.??"]
[PlyCount "91"]

1.d4 Nf6 2.Nf3 g6 3.c4 Bg7 4.g3 O-O 5.Bg2 d5 6.cxd5 Nxd5 7.O-O Nb6 8.Nc3 
Nc6 9.d5 Na5 10.e4 c6 11.Bf4 cxd5 12.exd5 Nac4 13.Qe2 Nxb2 14.Qxb2 Na4 15.
Nxa4 Bxb2 16.Nxb2 Qxd5 17.Rfe1 Qb5 18.Nd1 Re8 19.Nc3 Qa5 20.Rac1 Be6 21.
Rxe6 fxe6 22.Bh3 Rec8 23.Bxe6+ Kf8 24.Ne4 Rxc1+ 25.Bxc1 Rd8 26.Bb3 Rd3 27.
Be3 Qb4 28.Nfd2 b5 29.Kf1 Rxe3 30.fxe3 a5 31.Ke2 a4 32.Bd5 Qb2 33.Nc5 e5 
34.Nd3 Qc3 35.Ne4 Qc2+ 36.Nd2 Qc3 37.Ne4 Qc2+ 38.Nd2 Ke7 39.Nxe5 Kd6 40.
Nd3 Kc7 41.e4 Qc3 42.Nb1 Qc2+ 43.Nd2 Qc3 44.Nb1 Qc2+ 45.Nd2 Qc3 46.Nb1 
1/2-1/2

[Event "zonal 3.2"]
[Site "Jakarta INA"]
[Date "1993.??.??"]
[Round "7"]
[White "Utut Adianto"]
[Black "Gunawan, Ruben"]
[Result "1-0"]
[WhiteElo "2490"]
[BlackElo "2420"]
[EventDate "1993.01.??"]
[PlyCount "49"]

1.e4 e5 2.Nf3 Nf6 3.Nxe5 d6 4.Nf3 Nxe4 5.d4 d5 6.Bd3 Bd6 7.O-O O-O 8.Re1 
Re8 9.c4 c6 10.Nc3 Nxc3 11.Rxe8+ Qxe8 12.bxc3 Nd7 13.Qc2 g6 14.c5 Bc7 15.
Bg5 f6 16.Re1 Qf7 17.Bh6 b6 18.h4 bxc5 19.h5 Nf8 20.Bxf8 Qxf8 21.Bxg6 Bd7 
22.Bxh7+ Kh8 23.Nh4 Qd6 24.g3 cxd4 25.Ng6+ 1-0

[Event "zonal 3.2"]
[Site "Jakarta INA"]
[Date "1993.??.??"]
[Round "7"]
[White "Rodriguez, Ruben"]
[Black "Handoko, Edhi"]
[Result "1-0"]
[WhiteElo "2415"]
[BlackElo "2475"]
[EventDate "1993.01.??"]
[PlyCount "87"]

1.Nc3 e5 2.Nf3 Nc6 3.g3 d5 4.d3 Nf6 5.Bg2 Be7 6.O-O O-O 7.Bg5 Be6 8.e4 d4 
9.Ne2 h6 10.Bd2 Qd7 11.b4 a6 12.Qb1 Bg4 13.c4 dxc3 14.Bxc3 Nh7 15.Re1 Bxf3
16.Bxf3 Rfd8 17.Rd1 Ng5 18.Bg2 Qg4 19.Qb2 Rd6 20.f4 Nf3+ 21.Kf2 Nxh2 22.
Rh1 exf4 23.Nxf4 Bh4 24.Ne2 Rf6+ 25.Bxf6 Bxf6 26.d4 Nxd4 27.Nxd4 Qd7 28.
Rad1 Ng4+ 29.Ke2 Rd8 30.Bf3 h5 31.Rxh5 Ne5 32.Qb3 g6 33.Rhh1 Qe8 34.Kf2 
Rxd4 35.Rxd4 Nxf3 36.Kxf3 Bxd4 37.Qd5 Be5 38.Qxb7 Kg7 39.Qxa6 Qe7 40.Qc8 
Kf6 41.Qh8+ Ke6 42.Qh3+ f5 43.exf5+ gxf5 44.Qh6+ 1-0

[Event "zonal 3.2"]
[Site "Jakarta INA"]
[Date "1993.??.??"]
[Round "7"]
[White "Juswanto, Denny"]
[Black "Tu Hoang Thong"]
[Result "1/2-1/2"]
[WhiteElo "2280"]
[BlackElo "2435"]
[EventDate "1993.01.??"]
[PlyCount "160"]

1.d4 f5 2.g3 Nf6 3.Bg2 g6 4.Nf3 Bg7 5.O-O O-O 6.b3 d6 7.Bb2 a5 8.a3 Qe8 9.
c4 c6 10.Qc2 h6 11.Nbd2 a4 12.b4 Be6 13.Rac1 Nbd7 14.Ne1 g5 15.Nd3 Qh5 16.
f3 b5 17.Rfe1 Nb6 18.c5 Nc4 19.Nxc4 Bxc4 20.Nf2 f4 21.e4 fxe3 22.Rxe3 Nd5 
23.Ree1 Rxf3 24.Bxf3 Qxf3 25.Qd1 Rf8 26.Qxf3 Rxf3 27.cxd6 exd6 28.Rc2 Rb3 
29.Rd2 c5 30.bxc5 dxc5 31.Nd1 cxd4 32.Bxd4 Rxa3 33.Bxg7 Kxg7 34.Nb2 Bb3 
35.Nd3 Ra2 36.Rxa2 Bxa2 37.Nc5 Bc4 38.Ra1 Nb6 39.Kf2 Kf6 40.Ke3 Ke5 41.
Nd3+ Kd5 42.Nb4+ Ke5 43.Kd2 Ke4 44.Nc2 Bb3 45.Re1+ Kd5 46.Ne3+ Kc5 47.Nf5 
Nc4+ 48.Kd3 b4 49.Rc1 Kd5 50.Ne7+ Kd6 51.Nf5+ Ke5 52.Ne7 Nb2+ 53.Kd2 Kd6 
54.Nf5+ Kd7 55.Rc5 a3 56.Ne3 a2 57.Rc1 Bg8 58.g4 b3 59.Rf1 Nc4+ 60.Nxc4 
Bxc4 61.Rd1 Ke6 62.Kc3 Ke5 63.Kb2 Ke4 64.Rd6 Kf3 65.Rxh6 Kxg4 66.Rc6 Bd3 
67.Rc3 Bc2 68.Rg3+ Kf4 69.Rg1 Kf5 70.Rg3 Kf4 71.Rg1 g4 72.Rg3 Bd1 73.Rg1 
Bc2 74.Rg3 Kf5 75.h3 gxh3 76.Rxh3 Ke4 77.Rxb3 Bxb3 78.Ka1 Kd3 79.Kb2 Kd2 
80.Ka1 Kc1 1/2-1/2

[Event "zonal 3.2"]
[Site "Jakarta INA"]
[Date "1993.??.??"]
[Round "7"]
[White "Mohd Kamal, Abdullah"]
[Black "Ker, Anthony"]
[Result "0-1"]
[WhiteElo "2230"]
[BlackElo "2320"]
[EventDate "1993.01.??"]
[PlyCount "48"]

1.e4 d6 2.d4 Nf6 3.Nc3 g6 4.Be2 Bg7 5.Nf3 O-O 6.O-O c6 7.h3 b5 8.e5 Ne8 9.
Bf4 a6 10.Qd2 Qc7 11.Ne4 Bf5 12.Ng3 Be6 13.a4 Ra7 14.Qe3 Bd5 15.b3 Nd7 16.
exd6 exd6 17.axb5 cxb5 18.c4 bxc4 19.bxc4 Bxf3 20.gxf3 Qb6 21.Rfd1 d5 22.
c5 Qc6 23.Rdb1 Ra8 24.Bb5 axb5 0-1

[Event "zonal 3.2"]
[Site "Jakarta INA"]
[Date "1993.??.??"]
[Round "8"]
[White "Yang Xian"]
[Black "Utut Adianto"]
[Result "1/2-1/2"]
[WhiteElo "2415"]
[BlackElo "2490"]
[EventDate "1993.01.??"]
[PlyCount "68"]

1.e4 c6 2.d4 d5 3.Nd2 dxe4 4.Nxe4 Nd7 5.Bc4 Ngf6 6.Ng5 e6 7.Qe2 Nb6 8.Bb3 
h6 9.N5f3 c5 10.Bf4 Nbd5 11.Bg3 Qa5+ 12.Qd2 Qxd2+ 13.Nxd2 cxd4 14.Ngf3 Bc5
15.O-O-O O-O 16.Bxd5 Nxd5 17.Nb3 Be7 18.Nbxd4 Bd7 19.Ne5 Ba4 20.b3 Ba3+ 
21.Kd2 Bb4+ 22.Kc1 Ba3+ 23.Kd2 Be8 24.c4 Nb4 25.Nd3 Nxd3 26.Kxd3 a5 27.f3 
a4 28.Kc3 axb3 29.axb3 Be7 30.Rhe1 Rc8 31.Nf5 Bf6+ 32.Nd4 Be7 33.Nf5 Bf6+ 
34.Nd4 Be7 1/2-1/2

[Event "zonal 3.2"]
[Site "Jakarta INA"]
[Date "1993.??.??"]
[Round "8"]
[White "Handoko, Edhi"]
[Black "Ker, Anthony"]
[Result "1-0"]
[WhiteElo "2475"]
[BlackElo "2320"]
[EventDate "1993.01.??"]
[PlyCount "63"]

1.e4 d6 2.d4 Nf6 3.Nc3 g6 4.Nf3 Bg7 5.Be2 O-O 6.O-O Bg4 7.Be3 Nc6 8.d5 
Bxf3 9.Bxf3 Ne5 10.Be2 c6 11.dxc6 bxc6 12.Kh1 Qa5 13.a3 Rfd8 14.f4 Ned7 
15.Bf3 Rab8 16.Rb1 Ne8 17.e5 dxe5 18.Bxc6 exf4 19.Bxf4 Ne5 20.Bd5 e6 21.
Qe2 Rxd5 22.Nxd5 Qxd5 23.c4 Qd6 24.b4 Rc8 25.Rbd1 Qc7 26.c5 f6 27.Bxe5 
Qxe5 28.Qa6 Rc7 29.Rde1 Qd5 30.Rxe6 Qa8 31.Rfe1 Rc8 32.Qxc8 1-0

[Event "zonal 3.2"]
[Site "Jakarta INA"]
[Date "1993.??.??"]
[Round "8"]
[White "Nishimura, Hiroyuki"]
[Black "Reilly, Tim"]
[Result "0-1"]
[WhiteElo "2325"]
[BlackElo "2350"]
[EventDate "1993.01.??"]
[PlyCount "66"]

1.e4 d6 2.d4 Nf6 3.Nc3 g6 4.Be2 Bg7 5.Be3 a6 6.h4 h5 7.Qd2 b5 8.f3 Nbd7 9.
a4 b4 10.Na2 a5 11.Bb5 O-O 12.Rd1 Bb7 13.Nh3 c5 14.Ng5 cxd4 15.Bxd4 Qc7 
16.c4 Nc5 17.Nc1 Rad8 18.O-O Bc8 19.Qf2 Nh7 20.Nxh7 Bxd4 21.Qxd4 Kxh7 22.
Qe3 e5 23.Nb3 Nxb3 24.Qxb3 Qc5+ 25.Kh2 Be6 26.Qc2 f5 27.exf5 Rxf5 28.Qf2 
Qc7 29.Qg3 Rdf8 30.Rd2 R8f6 31.Rfd1 Bf7 32.Qe1 Rf4 33.Kg3 e4 0-1

[Event "zonal 3.2"]
[Site "Jakarta INA"]
[Date "1993.??.??"]
[Round "8"]
[White "Hsu Li Yang"]
[Black "Juswanto, Denny"]
[Result "1/2-1/2"]
[WhiteElo "2370"]
[BlackElo "2280"]
[EventDate "1993.01.??"]
[PlyCount "153"]

1.d4 Nf6 2.c4 c6 3.Nc3 d5 4.Nf3 g6 5.Bf4 Bg7 6.e3 O-O 7.Bd3 e6 8.O-O Nbd7 
9.cxd5 exd5 10.h3 Re8 11.b4 h6 12.Rc1 a6 13.a4 Nh7 14.b5 axb5 15.axb5 Ng5 
16.Nxg5 hxg5 17.Bg3 Nb6 18.bxc6 bxc6 19.Nb1 Re6 20.Nd2 Ra3 21.Qc2 Nd7 22.
Nb3 Kh7 23.Ra1 Rxa1 24.Rxa1 Qb6 25.Rb1 Qa7 26.Rc1 Nf6 27.Be5 g4 28.Ra1 Qb6
29.Nc5 Re8 30.h4 Nh5 31.Bxg7 Kxg7 32.g3 Qc7 33.Kg2 Nf6 34.Ra8 Bd7 35.Qa2 
Rxa8 36.Qxa8 Be8 37.Ba6 Qe7 38.Bd3 Qc7 39.Ba6 Qe7 40.Qb8 Ne4 41.Nd3 f6 42.
Qb7 Qxb7 43.Bxb7 Nd6 44.Nc5 Kf7 45.Ba6 Ke7 46.Kf1 f5 47.Ke2 Kf6 48.Kd2 Ke7
49.Kc3 Bd7 50.Kb4 Kd8 51.Nb7+ Kc7 52.Nxd6 Kxd6 53.Be2 Bc8 54.Bd1 Ba6 55.
Ka5 Bc8 56.Kb6 Bd7 57.f3 gxf3 58.Bxf3 Be6 59.h5 gxh5 60.Bxh5 Bc8 61.Be8 
Bd7 62.Bh5 Bc8 63.Bd1 Be6 64.Ba4 Bd7 65.Kb7 Be8 66.Kb6 Bd7 67.Bc2 Be6 68.
Ba4 Bd7 69.Kb7 Be8 70.Kc8 Bh5 71.Bc2 Bg4 72.Kd8 c5 73.dxc5+ Kxc5 74.Ke7 d4
75.exd4+ Kxd4 76.Kf6 Ke3 77.Bxf5 1/2-1/2

[Event "zonal 3.2"]
[Site "Jakarta INA"]
[Date "1993.??.??"]
[Round "8"]
[White "Gunawan, Ruben"]
[Black "Mohd Kamal, Abdullah"]
[Result "1-0"]
[WhiteElo "2420"]
[BlackElo "2230"]
[EventDate "1993.01.??"]
[PlyCount "85"]

1.d4 Nf6 2.c4 e6 3.Nf3 b6 4.Nc3 Bb7 5.a3 d5 6.Bg5 Be7 7.e3 O-O 8.Rc1 Ne4 
9.Bxe7 Qxe7 10.Bd3 Nd7 11.O-O c5 12.cxd5 exd5 13.dxc5 Ndxc5 14.Bb1 Nxc3 
15.Rxc3 Ne4 16.Rc1 Rfc8 17.Qd4 Ng5 18.Nxg5 Qxg5 19.Bd3 g6 20.Be2 Rxc1 21.
Rxc1 Rc8 22.Rxc8+ Bxc8 23.Bf3 Be6 24.h4 Qf5 25.Qc3 h5 26.Kh2 Kf8 27.b4 Qb1
28.Qh8+ Ke7 29.Qb8 Qb2 30.Qxa7+ Ke8 31.Qb8+ Kd7 32.Qb7+ Ke8 33.Qc6+ Ke7 
34.Qxb6 Qxf2 35.Qd4 Qa2 36.Qc5+ Kd7 37.Qa7+ Kc8 38.e4 Qc4 39.Qc5+ Qxc5 40.
bxc5 d4 41.Kg3 Kc7 42.e5 Bb3 43.Kf4 1-0

[Event "zonal 3.2"]
[Site "Jakarta INA"]
[Date "1993.??.??"]
[Round "8"]
[White "Mok Tze Meng"]
[Black "Wohl, Aleksandar"]
[Result "1/2-1/2"]
[WhiteElo "2200"]
[BlackElo "2360"]
[EventDate "1993.01.??"]
[PlyCount "93"]

1.e4 Nf6 2.Nc3 d5 3.exd5 Nxd5 4.Bc4 Nb6 5.Bb3 Nc6 6.Nf3 Bf5 7.O-O e6 8.d4 
Be7 9.Bf4 Na5 10.Qe2 Nxb3 11.axb3 O-O 12.Rfd1 c6 13.Ne4 Nd5 14.Be5 h6 15.
c3 a5 16.Nfd2 Bg6 17.h3 Nb6 18.Ra2 Nd7 19.Bh2 Nf6 20.Nxf6+ Bxf6 21.Nc4 b5 
22.Ne5 Bxe5 23.Bxe5 Qd5 24.c4 Qe4 25.Qxe4 Bxe4 26.Rda1 Bd3 27.c5 Bc2 28.
Rxa5 Rxa5 29.Rxa5 Bxb3 30.Kf1 f6 31.Bd6 Rf7 32.Ke2 Kh7 33.Ke3 Kg6 34.Ra8 
Bd5 35.f3 b4 36.Kd2 h5 37.Kc2 b3+ 38.Kc3 Kh7 39.Kd3 g5 40.Rf8 Rxf8 41.Bxf8
Kg6 42.Ke3 f5 43.Be7 f4+ 44.Kf2 Kf5 45.Bd6 g4 46.hxg4+ hxg4 47.Be5 1/2-1/2

[Event "zonal 3.2"]
[Site "Jakarta INA"]
[Date "1993.??.??"]
[Round "9"]
[White "Johansen, Darryl"]
[Black "Gunawan, Ruben"]
[Result "1-0"]
[WhiteElo "2500"]
[BlackElo "2420"]
[EventDate "1993.01.??"]
[PlyCount "117"]

1.d4 Nf6 2.Nf3 c5 3.c3 e6 4.Bg5 d5 5.e3 Nbd7 6.Nbd2 Bd6 7.Bd3 O-O 8.O-O e5
9.dxe5 Nxe5 10.Nxe5 Bxe5 11.Nf3 Bc7 12.Bc2 Bg4 13.Qd3 Bxf3 14.Bxf6 Be4 15.
Qxe4 dxe4 16.Bxd8 Raxd8 17.Bxe4 Rd2 18.Rfd1 Rxb2 19.Rd7 Be5 20.Bxb7 Bxc3 
21.Bd5 a5 22.Rd1 g6 23.Rc7 Bb4 24.g4 Rd2 25.Rxd2 Bxd2 26.Rxc5 Rd8 27.g5 
Kg7 28.Kf1 Rd7 29.Ke2 Bb4 30.Rb5 h6 31.h4 hxg5 32.hxg5 Rc7 33.Bb3 f6 34.
gxf6+ Kxf6 35.f4 Rc5 36.Rb6+ Kg7 37.Rb7+ Kh6 38.Rb6 Kg7 39.e4 Rc7 40.Kf3 
Bd2 41.Kg4 Bb4 42.Bd5 Rd7 43.Rc6 Be7 44.Rc8 a4 45.Rg8+ Kh7 46.Ra8 a3 47.
Be6 Rd6 48.Bb3 Rd7 49.e5 Bc5 50.Rc8 Bb4 51.Rc6 Rd4 52.Bc2 Bd2 53.Rf6 Bc1 
54.Bxg6+ Kg7 55.Bc2 Rc4 56.Bb3 Rb4 57.Kg5 Re4 58.Rf7+ Kh8 59.Kg6 1-0

[Event "zonal 3.2"]
[Site "Jakarta INA"]
[Date "1993.??.??"]
[Round "9"]
[White "Juswanto, Denny"]
[Black "Utut Adianto"]
[Result "0-1"]
[WhiteElo "2280"]
[BlackElo "2490"]
[EventDate "1993.01.??"]
[PlyCount "80"]

1.d4 d5 2.Nf3 Nf6 3.g3 c5 4.c3 Nc6 5.Bg2 e6 6.O-O Qb6 7.e3 Be7 8.Nbd2 O-O 
9.b3 Rd8 10.Bb2 a5 11.Qc2 Bd7 12.a4 Rac8 13.Rac1 Be8 14.Qb1 cxd4 15.exd4 
Ne4 16.Rfe1 f5 17.Bh3 Bg6 18.Qd3 Bf6 19.Qe3 h6 20.Bf1 Rf8 21.Ba3 Rf7 22.
Bc5 Qd8 23.Ba3 Kh7 24.Bb5 Ne7 25.Bxe7 Rxe7 26.h4 Rec7 27.Nxe4 dxe4 28.Ne5 
Bxe5 29.dxe5 Qd5 30.Qf4 Qxb3 31.c4 Rd8 32.c5 Rd4 33.Re3 Qd5 34.Be2 Rxa4 
35.h5 Be8 36.g4 Rxc5 37.Rxc5 Ra1+ 38.Kh2 Qxc5 39.gxf5 Qc1 40.Qxe4 Bc6 0-1

[Event "zonal 3.2"]
[Site "Jakarta INA"]
[Date "1993.??.??"]
[Round "9"]
[White "Ker, Anthony"]
[Black "Reilly, Tim"]
[Result "1/2-1/2"]
[WhiteElo "2320"]
[BlackElo "2350"]
[EventDate "1993.01.??"]
[PlyCount "127"]

1.e4 d6 2.d4 Nf6 3.Nc3 g6 4.Bg5 Bg7 5.f4 O-O 6.Nf3 c6 7.Qd2 d5 8.Bxf6 exf6
9.exd5 Re8+ 10.Be2 cxd5 11.O-O Nc6 12.Rae1 Bh6 13.Bd1 Rxe1 14.Rxe1 Bf5 15.
Nh4 Be4 16.Nxe4 dxe4 17.c3 f5 18.g3 Bg7 19.Ng2 b5 20.Ne3 Na5 21.Be2 a6 22.
Rd1 Rc8 23.b3 Nc6 24.d5 Na5 25.c4 bxc4 26.bxc4 Qb6 27.Kf1 Nb7 28.Nc2 Nd6 
29.Ne3 Rb8 30.Rc1 Qc5 31.Nd1 h5 32.Qc2 Bd4 33.Rb1 Rxb1 34.Qxb1 Nxc4 35.Qc2
Nb6 36.Qxc5 Bxc5 37.Bxa6 Nxd5 38.Bc4 Nf6 39.Ke2 h4 40.Ne3 h3 41.Nf1 Kf8 
42.a4 Ng4 43.a5 Ke7 44.a6 Ba7 45.Kd2 f6 46.Be2 Kd6 47.Bd1 Kc7 48.Ba4 Bg1 
49.Be8 g5 50.fxg5 fxg5 51.Bg6 Nh6 52.g4 f4 53.Bxe4 Nxg4 54.Bf5 Ne5 55.Bxh3
g4 56.Bg2 f3 57.Bh1 Kb6 58.Ne3 f2 59.Ke2 Kxa6 60.Be4 Kb5 61.Bf5 Nf3 62.
Bxg4 Nxh2 63.Bh3 f1=Q+ 64.Nxf1 1/2-1/2

[Event "zonal 3.2"]
[Site "Jakarta INA"]
[Date "1993.??.??"]
[Round "10"]
[White "Hsu Li Yang"]
[Black "Rogers, Ian"]
[Result "0-1"]
[WhiteElo "2370"]
[BlackElo "2575"]
[EventDate "1993.01.??"]
[PlyCount "74"]

1.d4 Nf6 2.c4 c5 3.d5 b5 4.cxb5 a6 5.b6 a5 6.Nc3 Ba6 7.e4 Bxf1 8.Kxf1 d6 
9.g3 Qxb6 10.Kg2 g6 11.Nf3 Bg7 12.Nd2 O-O 13.Nc4 Qa6 14.Qe2 a4 15.Re1 Nbd7
16.Bd2 Rfb8 17.Rac1 Nb6 18.Nxb6 Rxb6 19.Qxa6 Raxa6 20.Nd1 Nd7 21.Bc3 Ne5 
22.Bxe5 Bxe5 23.Re2 Rb4 24.f4 Bd4 25.Kf1 Ra7 26.Rcc2 Rab7 27.Kg2 f5 28.
exf5 gxf5 29.Kf3 Kf7 30.h3 h5 31.Rcd2 Rc4 32.Ne3 Bxe3 33.Rxe3 Rc1 34.b3 
axb3 35.axb3 Rf1+ 36.Kg2 Rb1 37.Rdd3 c4 0-1

[Event "zonal 3.2"]
[Site "Jakarta INA"]
[Date "1993.??.??"]
[Round "10"]
[White "Tu Hoang Thong"]
[Black "Johansen, Darryl"]
[Result "1/2-1/2"]
[WhiteElo "2435"]
[BlackElo "2500"]
[EventDate "1993.01.??"]
[PlyCount "89"]

1.e4 e6 2.d4 d5 3.Nc3 Bb4 4.Ne2 dxe4 5.a3 Bxc3+ 6.Nxc3 Nc6 7.d5 exd5 8.
Qxd5 Be6 9.Qxd8+ Rxd8 10.Bf4 f5 11.Nb5 Nf6 12.Nxc7+ Kf7 13.Nxe6 Kxe6 14.
Bc4+ Ke7 15.Rd1 h6 16.O-O g5 17.Be3 b6 18.Bd2 Rd6 19.Bc3 Rhd8 20.Rde1 Nd5 
21.Bxd5 Rxd5 22.f3 R5d6 23.fxe4 f4 24.g3 fxg3 25.hxg3 Re6 26.Kg2 a5 27.a4 
Nd4 28.Rf2 g4 29.e5 Nf3 30.Re4 h5 31.Rf4 Rd1 32.Rf1 Rxf1 33.Kxf1 Nxe5 34.
Rf5 Nc4 35.Rxh5 Re3 36.Rh6 Kd7 37.Rf6 Rxg3 38.Rf4 Ne3+ 39.Kf2 Rh3 40.Bd4 
Nxc2 41.Bxb6 Rb3 42.Bxa5 g3+ 43.Kg2 Ne3+ 44.Kxg3 Nc4+ 45.Rf3 1/2-1/2

[Event "zonal 3.2"]
[Site "Jakarta INA"]
[Date "1993.??.??"]
[Round "10"]
[White "Handoko, Edhi"]
[Black "Barus, Cerdas"]
[Result "0-1"]
[WhiteElo "2475"]
[BlackElo "2375"]
[EventDate "1993.01.??"]
[PlyCount "78"]

1.e4 e5 2.Nf3 Nc6 3.d4 exd4 4.Nxd4 Qf6 5.Be3 Bc5 6.c3 Nge7 7.Bc4 O-O 8.O-O
Bb6 9.Bb3 d6 10.Nb5 Rd8 11.N1a3 Ba5 12.Nc4 a6 13.Nd4 b5 14.Nxc6 Nxc6 15.
Nxa5 Nxa5 16.Bd5 Bb7 17.Bxb7 Nxb7 18.Qd5 Rdb8 19.a4 Qe6 20.axb5 Qxd5 21.
exd5 axb5 22.b4 f6 23.f4 Nd8 24.Kf2 Nf7 25.Ke2 Nh6 26.Kd3 Nf5 27.Bf2 Ne7 
28.Kd4 Kf7 29.c4 c6 30.dxc6 Nxc6+ 31.Kd5 Nxb4+ 32.Kxd6 Rd8+ 33.Kc7 Rac8+ 
34.Kb6 bxc4 35.Kb5 Nd3 36.Bb6 Rd5+ 37.Ka6 c3 38.Kb7 Re8 39.Ra2 Re7+ 0-1

[Event "zonal 3.2"]
[Site "Jakarta INA"]
[Date "1993.??.??"]
[Round "10"]
[White "Nishimura, Hiroyuki"]
[Black "Rodriguez, Ruben"]
[Result "0-1"]
[WhiteElo "2325"]
[BlackElo "2415"]
[EventDate "1993.01.??"]
[PlyCount "68"]

1.d4 Nf6 2.Nf3 g6 3.Bg5 Bg7 4.Nbd2 O-O 5.e4 c5 6.d5 d6 7.Be2 b5 8.a4 b4 9.
O-O h6 10.Bh4 Nh5 11.Nc4 Nf4 12.Re1 Nxe2+ 13.Qxe2 Ba6 14.e5 dxe5 15.Nfxe5 
Qxd5 16.Rad1 Qb7 17.Nxg6 fxg6 18.Qe6+ Kh7 19.Bxe7 Bxc4 20.Qxc4 Re8 21.Bxc5
Nc6 22.b3 Bc3 23.Rxe8 Rxe8 24.h4 h5 25.Qb5 Qc8 26.Bxa7 Nxa7 27.Rd7+ Kh8 
28.Rxa7 Re1+ 29.Kh2 Be5+ 30.g3 Bxg3+ 31.Kg2 Qg4 32.f3 Rg1+ 33.Kxg1 Qd4+ 
34.Kh1 Qxh4+ 0-1

[Event "zonal 3.2"]
[Site "Jakarta INA"]
[Date "1993.??.??"]
[Round "10"]
[White "Ker, Anthony"]
[Black "Wohl, Aleksandar"]
[Result "0-1"]
[WhiteElo "2320"]
[BlackElo "2360"]
[EventDate "1993.01.??"]
[PlyCount "80"]

1.d4 e6 2.c4 b6 3.e4 Bb7 4.Nc3 Bb4 5.Qc2 Qh4 6.Bd3 Bxc3+ 7.bxc3 f5 8.g3 
Qe7 9.Ne2 Nf6 10.f3 fxe4 11.fxe4 e5 12.Bg5 O-O 13.O-O Nc6 14.c5 Kh8 15.
cxb6 axb6 16.Qd2 h6 17.Bxf6 Rxf6 18.Rxf6 Qxf6 19.Rf1 Qe7 20.Bb1 Re8 21.Rf5
Ba6 22.Nc1 Rf8 23.Rxf8+ Qxf8 24.Bd3 Bxd3 25.Qxd3 Qa3 26.Qd2 exd4 27.cxd4 
Nxd4 28.Qxd4 Qxc1+ 29.Kg2 Qc2+ 30.Kh3 Qc6 31.a4 Qe6+ 32.Kg2 c5 33.Qd3 Qa2+
34.Kh3 Qxa4 35.Qd6 Qc6 36.Qf8+ Kh7 37.Qf5+ Kg8 38.Qf3 c4 39.Qe2 b5 40.Kg2 
b4 0-1